Les 10 pizzas préférés des français - Statistiques

Statistiques générales
  • Ce quiz a été pris 897 fois
  • Le résultat moyen est 4 sur 10
Statistiques - réponses
Hint Réponse % Correct
1 4 fromages
78%
6 chèvre miel
42%
10 hawaïenne
38%
9 Calzone
37%
5 Margherita
37%
3 régina
28%
7 Chorizo
27%
2 savoyarde
27%
8 pepperoni
26%
4 norvégienne
19%
Aucun quiz correspondant
Distribution des résultats
% des personnes avec chaque résultat
Percentile par nombre de réponses
Votre historique - résultats
Vous n’avez pas pris ce quiz